[Event "GER AM02-A email"]
[Site "GER email"]
[Date "2016.06.26"]
[Round "?"]
[White "Belka, Wieland"]
[Black "Ziese, Gerhard1"]
[Result "1/2-1/2"]
[WhiteElo "2494"]
[BlackElo "2472"]
[PlyCount "70"]
[EventDate "2016.??.??"]
[EventType "tourn (corr)"]
[EventRounds "14"]
[EventCountry "GER"]
[SourceTitle "Corr 2017"]
[Source "ChessBase"]
[SourceDate "2017.09.19"]
[SourceVersion "1"]
[SourceVersionDate "2017.09.19"]
[SourceQuality "1"]

1. e4 e5 2. Nf3 Nc6 3. d4 exd4 4. Nxd4 Nf6 5. Nxc6 bxc6 6. e5 Qe7 7. Qe2 Nd5 8. c4 Ba6 9. b3 g6 10. f4 d6 11. Qf2 Nf6 12. Be2 dxe5 13. 0-0 Ne4 14. Qe1 0-0-0 15. Nc3 Nc5 16. fxe5 Bg7 17. Na4 Nxa4 18. Bg4+ Kb7 19. bxa4 Qxe5 20. Rb1+ Ka8 21. Bf3 Qc5+ 22. Kh1 Rhe8 23. Qh4 Rd6 24. Bf4 Rde6 25. Rfd1 Bf6 26. Qg3 h5 27. Bxc7 h4 28. Bd6 hxg3 29. Bxc5 Rd8 30. Re1 Rxe1+ 31. Rxe1 gxh2 32. Bf2 Rc8 33. Bg3 Bd8 34. Rb1 Bb7 35. c5 Bc7 1/2-1/2

[Event "GER AM02-A email"]
[Site "GER email"]
[Date "2016.06.26"]
[Round "?"]
[White "Kluegel, Jens Uwe"]
[Black "Belka, Wieland"]
[Result "1/2-1/2"]
[WhiteElo "2507"]
[BlackElo "2494"]
[PlyCount "75"]
[EventDate "2016.??.??"]
[EventType "tourn (corr)"]
[EventRounds "14"]
[EventCountry "GER"]
[SourceTitle "Corr 2017"]
[Source "ChessBase"]
[SourceDate "2017.09.19"]
[SourceVersion "1"]
[SourceVersionDate "2017.09.19"]
[SourceQuality "1"]

1. e4 e6 2. d4 d5 3. Nc3 dxe4 4. Nxe4 Nd7 5. Nf3 Ngf6 6. Nxf6+ Nxf6 7. g3 b6 8. Bb5+ Bd7 9. a4 a6 10. Be2 Bc6 11. 0-0 Be7 12. Ne5 Bb7 13. c4 0-0 14. Bf3 Ne4 15. Qc2 f5 16. Rd1 a5 17. h4 Bf6 18. Bf4 h6 19. h5 Bxe5 20. Bxe5 Qe7 21. Ra3 Rad8 22. Rad3 Rd7 23. Bg2 Rfd8 24. Qe2 Qb4 25. Qc2 Qe7 26. Kh2 c5 27. Qe2 Qg5 28. Kg1 Kh7 29. dxc5 Rxd3 30. Rxd3 Rxd3 31. Qxd3 Nxc5 32. Qd6 Qc1+ 33. Bf1 Be4 34. Qc7 Qg5 35. Bg2 Bxg2 36. Kxg2 Qg4 37. f3 Qg5 38. Bf4 1/2-1/2